000 00734nac a22002051u 4500
010 _a 88028731
020 _a0409900877
082 0 0 _a660.283
_bHEI
090 _c6478
_d6478
100 _aHeinz P. Bloch [ed.]
245 0 0 _aProcess plant machinery /
_cedited by Heinz P. Bloch.
260 _aBoston :
_bButterworths,
_cc1989.
300 _axv, 493 p. :
_bill. ;
_c27 cm.
500 _aDistributer: Al-Ahram.
504 _aIncludes bibliographies and index.
511 _aCatalogued By: Mahitab.
650 0 _aChemical plants
_xEquipment and supplies.
942 _cBB
_k660.283HEI
999 _c6478
_d6478